轻松写好硬笔字 (Record no. 68765)

000 -LEADER
fixed length control field 00524nam a22002057a 4500
003 - CONTROL NUMBER IDENTIFIER
control field MPLRDC
005 - DATE AND TIME OF LATEST TRANSACTION
control field 20220105061110.0
008 - FIXED-LENGTH DATA ELEMENTS--GENERAL INFORMATION
fixed length control field 210129b ||||| |||| 00| 0 eng d
020 ## - INTERNATIONAL STANDARD BOOK NUMBER
International Standard Book Number 978-986-6231-85-8
082 ## - DEWEY DECIMAL CLASSIFICATION NUMBER
Classification number 942.192 HXH
100 ## - MAIN ENTRY--PERSONAL NAME
Personal name 胡锡恒
245 ## - TITLE STATEMENT
Title 轻松写好硬笔字
Statement of responsibility, etc. 谌家玲 美编
250 ## - EDITION STATEMENT
Edition statement 初版
260 ## - PUBLICATION, DISTRIBUTION, ETC.
Place of publication, distribution, etc. 台湾
Name of publisher, distributor, etc. 兰台出版社
Date of publication, distribution, etc. 2014
300 ## - PHYSICAL DESCRIPTION
Other physical details
490 ## - SERIES STATEMENT
Series statement 书法艺术: 6
520 ## - SUMMARY, ETC.
Summary, etc. 上架 2017-05-16。
650 ## - SUBJECT ADDED ENTRY--TOPICAL TERM
Topical term or geographic name entry element 钢笔字书法
942 ## - ADDED ENTRY ELEMENTS (KOHA)
Koha item type Book
-- 942.192 HXH

No items available.

© 2022. Malaysian Public Library, Research and Development Centre. All Right ReservedE-mailmplrdc@help.edu.my 

Powered by Koha